000 00965nam a2200265Ia 4500
005 20211111081031.0
008 130821s2006 sp gr spa
020 _a9788449319396
040 _aCo-BoUCM
_bspa
_cJose A. Gerena (modificó)
_d[Nuevo]
041 0 0 _aspa
245 1 3 _aEl siglo de Hannah Arendt
_cSeyla Benhabib...[et al.]. ; Manuel Cruz, compilador
260 _aBarcelona (España)
_bPaidós
_c2006
300 _a138 páginas
490 0 _aPaidós Básica
_v127
500 _aIncluye bibliografía.
600 1 4 _aArendt Hannah
_d1906-1975
_xCrítica e interpretación, etc.
_91032
600 1 4 _aArendt Hannah
_d1906-1975
_xPensamiento político y social
_91032
650 0 4 _aCiencia política
_9340
650 0 4 _aIdeologías políticas
_97703
690 _aCiencia política
_9340
700 1 _aBenhabib, Seyla
_966477
700 1 _aCruz, Manuel
_935498
942 _cLIBRO
_a6
_e1
_mS577
_2DEWEY
_h320.5092
999 _c63250
_d63250